000 00633nam a2200205Ia 4500
005 20260415173419.0
008 008 250505s9999 xx 000 0 eng d
037 _aTextBook
040 _aFEDL
_beng
_cFEDL
041 _aeng
_2eng
084 _a371.97 NAN/R
_qFEDL
100 _aManjunda D C Ed.
_9783758
245 0 _aIgnored claims: A focus on tribal education in India
260 _aDelhi, India
_bKalpaz Publications
_c2008
300 _a567p.
365 _aINR
_b1250
700 _a Kurane Anjali Ed. Annapurna M others Ed.
_9783759
942 _cTB
_h371.97 NAN/R
999 _c1400215
_d1400215